000
00308nam a22001457a 4500
008
230627b ||||| |||| 00| 0 eng d
020
_a
9781337278478
041
_a
eng
080
_2
10E
_a
51
082
_a
51LAR
100
_a
23
101
_a
MAT
245
_a
TRIGONOMETRY
_c
LARSON .R
942
_2
udc
_c
BK
999
_c
60056
_d
60056